[Event "Michael Franett Memorial"]
[Site "San Francisco"]
[Date "2005.01.07"]
[Round "6"]
[White "Pruess, David"]
[Black "Bhat, Vinay"]
[Result "0-1"]
[WhiteElo "2394"]
[BlackElo "2410"]
[PlyCount "98"]
[EventDate "2005.01.02"]
[EventType "tourn"]
[EventRounds "1"]
[EventCountry "USA"]
[EventCategory "3"]

1. d4 Nf6 2. c4 e6 3. Nc3 c5 4. Nf3 cxd4 5. Nxd4 d5 6. cxd5 Nxd5 7. Ndb5 a6 8.
e4 Nb4 9. Bg5 f6 10. Bxf6 Qxd1+ 11. Rxd1 axb5 12. Rd8+ Kf7 13. Rxc8 Kxf6 14. a3
Na2 15. e5+ Kxe5 16. f4+ Kxf4 17. Be2 Nxc3 18. bxc3 Ke5 19. Rf1 b4 20. axb4
Ra1+ 21. Bd1 Nd7 22. Rf7 Nf6 23. Rcxf8 Rxf8 24. Rxf8 Ne4 25. Rc8 Kf4 26. Rf8+
Ke5 27. Rc8 Rc1 28. Rb8 Rb1 29. Rc8 Rc1 30. Rb8 Nxc3 31. Kd2 Rxd1+ 32. Kxc3 Rd7
33. Kc4 Kd6 34. Rh8 h6 35. Kd4 Kc6+ 36. Ke3 Re7 37. Ke4 Kb5 38. Ke5 Kxb4 39.
Kd6 Rf7 40. Rh7 b5 41. h4 Kc3 42. g4 b4 43. g5 hxg5 44. hxg5 b3 45. g6 Ra7 46.
Rh3+ Kb4 47. Rh4+ Ka3 48. Rf4 b2 49. Rf7 Rxf7 0-1

[Event "Michael Franett Memorial"]
[Site "San Francisco"]
[Date "2005.01.07"]
[Round "6"]
[White "Thornally, Frank"]
[Black "Ganbold, Odondoo"]
[Result "0-1"]
[WhiteElo "2261"]
[BlackElo "2382"]
[PlyCount "36"]
[EventDate "2005.01.02"]
[EventType "tourn"]
[EventRounds "1"]
[EventCountry "USA"]
[EventCategory "3"]

1. e4 g6 2. d4 Bg7 3. c3 c6 4. Nf3 d5 5. Nbd2 Nf6 6. Bd3 O-O 7. O-O Nbd7 8. Re1
dxe4 9. Nxe4 Nxe4 10. Bxe4 e5 11. dxe5 Nxe5 12. Nxe5 Qxd1 13. Rxd1 Bxe5 14. Be3
Bg4 15. f3 Be6 16. Bc2 Rfe8 17. g3 a5 18. Bb3 Bxb3 0-1

[Event "Michael Franett Memorial"]
[Site "San Francisco"]
[Date "2005.01.07"]
[Round "6"]
[White "Yap, Nicolas"]
[Black "Aigner, Michael"]
[Result "0-1"]
[WhiteElo "2189"]
[BlackElo "2263"]
[PlyCount "108"]
[EventDate "2005.01.02"]
[EventType "tourn"]
[EventRounds "1"]
[EventCountry "USA"]
[EventCategory "3"]

1. e4 e5 2. Nf3 Nc6 3. Bb5 a6 4. Ba4 Nf6 5. Qe2 b5 6. Bb3 Bc5 7. d3 h6 8. c3 d6
9. Nbd2 Rb8 10. Nf1 Ng4 11. Ne3 Nxe3 12. fxe3 Bb6 13. O-O O-O 14. Bd2 Na5 15.
Bc2 c5 16. Kh1 Kh7 17. Qf2 Be6 18. b3 Qe7 19. d4 Bd7 20. Qg3 Nc6 21. Rad1 b4
22. dxc5 Bxc5 23. Bd3 a5 24. Bc4 Be6 25. Bd5 Rbc8 26. c4 Nb8 27. Nh4 g6 28. Bc1
Nd7 29. Nf3 Nf6 30. Bb2 Bxd5 31. exd5 Ne4 32. Qe1 f5 33. Nd2 Nf6 34. Qg3 Rf7
35. Rde1 Rg8 36. Qf3 Qd7 37. Qh3 Ng4 38. Rf3 Qa7 39. Nf1 Rgf8 40. Qh4 g5 41.
Qg3 h5 42. h4 f4 43. Qh3 Qe7 44. hxg5 Qxg5 45. Nd2 Bxe3 46. Ne4 Qg6 47. c5 Qxe4
48. Qxh5+ Nh6 49. cxd6 Qf5 50. Qh2 Kg8 51. Rh3 Ng4 52. Rh8+ Kg7 53. Rxf8 Nxh2
54. d7 Rxf8 0-1

[Event "Michael Franett Memorial"]
[Site "San Francisco"]
[Date "2005.01.08"]
[Round "7"]
[White "Aigner, Michael"]
[Black "Thornally, Frank"]
[Result "1-0"]
[WhiteElo "2263"]
[BlackElo "2261"]
[PlyCount "127"]
[EventDate "2005.01.02"]
[EventType "tourn"]
[EventRounds "1"]
[EventCountry "USA"]
[EventCategory "3"]

1. e4 e5 2. Nf3 d6 3. d4 Nf6 4. Nc3 Nbd7 5. Bc4 Be7 6. h3 O-O 7. Be3 c6 8. Bb3
Qc7 9. O-O b5 10. d5 b4 11. Na4 Ba6 12. Re1 c5 13. c3 Nxe4 14. Bc2 Nef6 15. b3
Rfe8 16. c4 Bf8 17. a3 bxa3 18. Rxa3 Bb7 19. Nc3 a6 20. Ne2 g6 21. g4 Bg7 22.
Ng3 h6 23. Qc1 Kh7 24. Nh2 Nf8 25. f3 Rad8 26. Bd2 Qd7 27. h4 Ng8 28. Nf5 Rc8
29. Kg2 a5 30. Nf1 Ra8 31. N1g3 Qd8 32. Nxg7 Kxg7 33. h5 Bc8 34. Rh1 g5 35.
Nf5+ Bxf5 36. Bxf5 f6 37. Qc2 Ne7 38. Rha1 Nxf5 39. Qxf5 Rb8 40. Bxa5 Qc8 41.
Qxc8 Rexc8 42. Bd2 Rb7 43. Ra7 Rcc7 44. Rxb7 Rxb7 45. Ra3 Kf7 46. Kf2 Nd7 47.
Ke3 Ke7 48. Kd3 f5 49. gxf5 Nf6 50. Kc2 Nxh5 51. Ra8 Kf7 52. Rh8 Kg7 53. Rd8
Ng3 54. f6+ Kg6 55. Rxd6 Nf5 56. Ra6 Nd4+ 57. Kd3 Kf5 58. f7 Rxf7 59. Rxh6 Nxb3
60. Rc6 Ra7 61. Rc8 Nxd2 62. Rf8+ Kg6 63. Kxd2 Kg7 64. Rc8 1-0

[Event "Michael Franett Memorial"]
[Site "San Francisco"]
[Date "2005.01.08"]
[Round "7"]
[White "Tuvshintugs, Batchimeg"]
[Black "Baginskaite, Camilla"]
[Result "1/2-1/2"]
[WhiteElo "2205"]
[BlackElo "2336"]
[PlyCount "41"]
[EventDate "2005.01.02"]
[EventType "tourn"]
[EventRounds "1"]
[EventCountry "USA"]
[EventCategory "3"]

1. e4 e5 2. Nf3 Nc6 3. Bb5 a6 4. Ba4 Nf6 5. O-O b5 6. Bb3 Bc5 7. c3 d6 8. d4
Bb6 9. dxe5 dxe5 10. Qxd8+ Nxd8 11. Nxe5 Bb7 12. Bg5 Nxe4 13. Bxd8 Rxd8 14.
Nxf7 Rf8 15. Nxd8 Kxd8 16. Nd2 Nxf2 17. Nf3 Nh3+ 18. Kh1 Nf2+ 19. Kg1 Nh3+ 20.
Kh1 Nf2+ 21. Kg1 1/2-1/2

[Event "Michael Franett Memorial"]
[Site "San Francisco"]
[Date "2005.01.09"]
[Round "8"]
[White "Baginskaite, Camilla"]
[Black "Ho, Matthew"]
[Result "0-1"]
[WhiteElo "2336"]
[BlackElo "2260"]
[PlyCount "96"]
[EventDate "2005.01.02"]
[EventType "tourn"]
[EventRounds "1"]
[EventCountry "USA"]
[EventCategory "3"]

1. d4 d5 2. c4 c6 3. Nf3 Nf6 4. Nc3 dxc4 5. a4 Na6 6. e4 Bg4 7. Bxc4 Bxf3 8.
Qxf3 Nb4 9. Qe2 Qxd4 10. O-O e6 11. Be3 Qe5 12. f4 Qh5 13. Qxh5 Nxh5 14. Rac1
Nf6 15. h3 Nd7 16. a5 Bc5 17. Bxc5 Nxc5 18. Nb5 Ke7 19. Nc3 Rad8 20. Rfd1 Ncd3
21. Bxd3 Nxd3 22. Rc2 Nxf4 23. a6 b6 24. Rf1 Nd3 25. Nb5 cxb5 26. Rc7+ Kd6 27.
Rfxf7 Ne5 28. Rxg7 Rd7 29. Rxa7 Rxg7 30. Rxg7 Ra8 31. a7 Nd7 32. e5+ Nxe5 33.
Rxh7 Nd7 34. g4 Rxa7 35. g5 Ra1+ 36. Kg2 Ne5 37. h4 Ra2 38. h5 Rxb2+ 39. Kg3
Rb3+ 40. Kh4 Rb4+ 41. Kh3 Rg4 42. g6 Rg1 43. Rb7 Rh1+ 44. Kg3 Rxh5 45. Rxb6+
Ke7 46. g7 Rg5+ 47. Kf4 Kf6 48. Rxb5 Rg4+ 0-1

[Event "Michael Franett Memorial"]
[Site "San Francisco"]
[Date "2005.01.09"]
[Round "8"]
[White "Lobo, Richard"]
[Black "Ganbold, Odondoo"]
[Result "0-1"]
[WhiteElo "2266"]
[BlackElo "2382"]
[PlyCount "74"]
[EventDate "2005.01.02"]
[EventType "tourn"]
[EventRounds "1"]
[EventCountry "USA"]
[EventCategory "3"]

1. c4 g6 2. Nc3 Bg7 3. g3 e5 4. Bg2 Nc6 5. Rb1 d6 6. e3 Bf5 7. d3 Qd7 8. b4 Nf6
9. b5 Nd8 10. a4 O-O 11. h3 h5 12. Nge2 c6 13. Ba3 Re8 14. e4 Be6 15. Qb3 Nh7
16. Rd1 Rc8 17. Kf1 c5 18. Bc1 Rf8 19. Kg1 f5 20. exf5 Bxf5 21. Kh2 Ne6 22.
Rhf1 Neg5 23. h4 Ne6 24. Ne4 Rf7 25. f3 Rcf8 26. Be3 Qd8 27. N2c3 g5 28. hxg5
Nhxg5 29. Nxg5 Nxg5 30. Ne4 Bxe4 31. fxe4 Nf3+ 32. Kh1 h4 33. Bh3 hxg3 34. Qa2
Qh4 35. Kg2 Bh6 36. Bxh6 Qxh6 37. Rh1 Nh4+ 0-1

[Event "Michael Franett Memorial"]
[Site "San Francisco"]
[Date "2005.01.09"]
[Round "8"]
[White "Pruess, David"]
[Black "Aigner, Michael"]
[Result "1-0"]
[WhiteElo "2394"]
[BlackElo "2263"]
[PlyCount "129"]
[EventDate "2005.01.02"]
[EventType "tourn"]
[EventRounds "1"]
[EventCountry "USA"]
[EventCategory "3"]

1. Nf3 f5 2. e4 fxe4 3. Ng5 d5 4. d3 Qd6 5. Nc3 Nf6 6. dxe4 h6 7. Nb5 Qd8 8. e5
hxg5 9. exf6 exf6 10. Qxd5 Qe7+ 11. Be3 c6 12. Qc4 Qb4+ 13. Qxb4 Bxb4+ 14. c3
cxb5 15. Bxb5+ Bd7 16. Bxd7+ Nxd7 17. cxb4 Rh4 18. a3 Rc8 19. O-O a6 20. Rfc1
Rhc4 21. Kf1 b5 22. Rxc4 Rxc4 23. Rc1 Rxc1+ 24. Bxc1 Ke7 25. Ke2 Ke6 26. f3 Ke5
27. b3 Nf8 28. Ke3 Ng6 29. Bb2+ Kd5 30. g3 Ne7 31. Bc3 Nf5+ 32. Kd3 Ne7 33. Bd2
Nf5 34. Be3 Ne7 35. Bc5 Nf5 36. Bf8 g6 37. Bc5 Ke5 38. Bg1 Ke6 39. Bf2 Ke5 40.
Be1 Ke6 41. Ke4 Ne7 42. Bf2 Nc6 43. Bc5 f5+ 44. Ke3 Kd5 45. Bb6 Ke5 46. h3 Kd5
47. Bc7 Nd4 48. Bd8 Ne6 49. Bf6 Kd6 50. Kd3 Kd5 51. Bc3 Kd6 52. Bd2 Kd5 53. Bc1
Ke5 54. Bxg5 Kd5 55. Be3 Ke5 56. Bg5 Kd5 57. Bf6 Kd6 58. Ke3 Kd7 59. g4 Ke8 60.
h4 Kf7 61. Be5 Kg8 62. h5 Kh7 63. hxg6+ Kxg6 64. gxf5+ Kxf5 65. f4 1-0

[Event "Michael Franett Memorial"]
[Site "San Francisco"]
[Date "2005.01.09"]
[Round "8"]
[White "Thornally, Frank"]
[Black "Stein, Alan"]
[Result "0-1"]
[WhiteElo "2261"]
[BlackElo "2362"]
[PlyCount "156"]
[EventDate "2005.01.02"]
[EventType "tourn"]
[EventRounds "1"]
[EventCountry "USA"]
[EventCategory "3"]

1. e4 e5 2. Nf3 Nc6 3. Bb5 a6 4. Bxc6 dxc6 5. O-O f6 6. d4 exd4 7. Nxd4 c5 8.
Nb3 Qxd1 9. Rxd1 Bg4 10. f3 Be6 11. Be3 b6 12. Nc3 Bd6 13. Nc1 Ne7 14. N1e2 Ng6
15. Nd5 O-O-O 16. c4 Kb7 17. b3 h5 18. Rac1 h4 19. Nef4 Nxf4 20. Nxf4 Bf7 21.
h3 Rde8 22. Kf2 f5 23. exf5 Re5 24. Nd3 Rxf5 25. Kf1 Re8 26. Bf2 g5 27. Re1 Rd8
28. Rcd1 Rf8 29. Re4 b5 30. Be1 bxc4 31. bxc4 Bg6 32. Re6 Bh7 33. Bc3 Bg8 34.
Re4 Bf7 35. Nb2 Bh5 36. Rd3 Kc6 37. Ke2 R5f7 38. Re6 Rf5 39. Rde3 Bf7 40. R6e4
Bf4 41. Rd3 Bd6 42. Rde3 Rb8 43. Kd1 Bh5 44. Re6 Rff8 45. Rh6 Bf7 46. Rf6 a5
47. Be5 Kd7 48. Bxd6 cxd6 49. Kc2 a4 50. Ra3 Ke7 51. Rh6 Rb4 52. Re3+ Kd7 53.
a3 Rb7 54. Rf6 Kc6 55. Nxa4 Ra8 56. Nb2 Rab8 57. Nd3 Bxc4 58. Ne5+ Kd5 59. Nxc4
Kxc4 60. Rc3+ Kd5 61. Rd3+ Ke5 62. Rfxd6 Rb2+ 63. Kc3 Rxg2 64. R6d5+ Kf4 65.
Rxc5 Rbb2 66. Rc4+ Kf5 67. Rg4 Rgc2+ 68. Kd4 Rh2 69. f4 Rxh3 70. Rxg5+ Kxf4 71.
Rxh3 Kxg5 72. Kc3 Rb1 73. Rd3 Re1 74. a4 Kg4 75. a5 h3 76. Rd4+ Kf3 77. Rh4 Kg3
78. Rh8 h2 0-1

[Event "Michael Franett Memorial"]
[Site "San Francisco"]
[Date "2005.01.10"]
[Round "9"]
[White "Aigner, Michael"]
[Black "Lobo, Richard"]
[Result "1-0"]
[WhiteElo "2263"]
[BlackElo "2266"]
[PlyCount "101"]
[EventDate "2005.01.02"]
[EventType "tourn"]
[EventRounds "1"]
[EventCountry "USA"]
[EventCategory "3"]

1. e4 e6 2. d4 d5 3. Nc3 Nf6 4. Bg5 Be7 5. e5 Nfd7 6. h4 a6 7. Qg4 Kf8 8. Nf3
c5 9. O-O-O Nc6 10. Bxe7+ Qxe7 11. Qg3 b5 12. dxc5 Nxc5 13. Nd4 Nxd4 14. Rxd4
b4 15. Rxb4 Nd3+ 16. Bxd3 Qxb4 17. h5 Rb8 18. h6 g6 19. Rh4 Qxb2+ 20. Kd2 Qb7
21. Rf4 Qe7 22. Ne2 Ke8 23. Nd4 Bd7 24. Nf3 Kd8 25. Ng5 Be8 26. Ke2 a5 27. Rf6
a4 28. Qe3 Rb7 29. g4 Qb4 30. f4 Ke7 31. Qg3 Kd8 32. Qh3 Qc3 33. Qe3 Qb4 34.
Kf3 Rc7 35. f5 gxf5 36. gxf5 exf5 37. Bxf5 Ke7 38. Rb6 Qc5 39. Qxc5+ Rxc5 40.
Rb7+ Kd8 41. Rxf7 Rc3+ 42. Kf2 Bxf7 43. Nxf7+ Ke7 44. Nxh8 Rc6 45. Ng6+ Kf7 46.
e6+ Ke8 47. Nf4 Rc4 48. Kg3 d4 49. Bxh7 Rc3+ 50. Bd3 Rc8 51. Ng6 1-0

[Event "Michael Franett Memorial"]
[Site "San Francisco"]
[Date "2005.01.10"]
[Round "9"]
[White "De Guzman, Ricardo"]
[Black "Thornally, Frank"]
[Result "1-0"]
[WhiteElo "2407"]
[BlackElo "2261"]
[PlyCount "59"]
[EventDate "2005.01.02"]
[EventType "tourn"]
[EventRounds "1"]
[EventCountry "USA"]
[EventCategory "3"]

1. e4 e5 2. Nc3 Bc5 3. Nf3 d6 4. d4 exd4 5. Nxd4 Nf6 6. Bg5 h6 7. Bh4 Nc6 8.
Nb3 Bb4 9. Bd3 d5 10. exd5 Qxd5 11. O-O Bxc3 12. bxc3 Be6 13. c4 Qd6 14. Qe2
O-O-O 15. Bg3 Qa3 16. h3 Rhe8 17. Qf3 Re7 18. Rab1 Rde8 19. Rfd1 Rd7 20. c3 Nd8
21. Bf4 Rde7 22. Nd4 Bd7 23. Nf5 Bxf5 24. Bxf5+ Nd7 25. Qd5 Qa4 26. Qc5 Nc6 27.
Rxd7 Rxd7 28. Bxd7+ Kxd7 29. Rxb7 Rc8 30. Qf5+ 1-0

[Event "Michael Franett Memorial"]
[Site "San Francisco"]
[Date "2005.01.10"]
[Round "9"]
[White "Ho, Matthew"]
[Black "Yap, Nicolas"]
[Result "0-1"]
[WhiteElo "2260"]
[BlackElo "2189"]
[PlyCount "83"]
[EventDate "2005.01.02"]
[EventType "tourn"]
[EventRounds "1"]
[EventCountry "USA"]
[EventCategory "3"]

1. b4 Nf6 2. Bb2 g6 3. Nf3 Bg7 4. e3 d6 5. c4 O-O 6. Be2 e5 7. d4 exd4 8. exd4
c6 9. O-O d5 10. c5 Bf5 11. Nc3 Ne4 12. Nxe4 dxe4 13. Ne5 Nd7 14. Nc4 Nf6 15.
Nd6 Qd7 16. Qd2 Ne8 17. Nxf5 Qxf5 18. f3 Nc7 19. fxe4 Qxe4 20. Bf3 Qe6 21. Rfe1
Qd7 22. a4 a6 23. Rad1 Rad8 24. Qc2 Nd5 25. Qc4 Bf6 26. Bc1 Rfe8 27. Rxe8+ Qxe8
28. Kf2 Qe6 29. Re1 Qf5 30. Re4 Qd7 31. Bg4 Qc7 32. g3 b5 33. cxb6 Qxb6 34. Bd2
h5 35. Be2 Nc7 36. Be3 Qb7 37. Bf3 Nd5 38. Bd2 Qd7 39. Kg2 Nc7 40. Bf4 Nd5 41.
Be5 Bxe5 42. Rxe5 0-1

[Event "Michael Franett Memorial"]
[Site "San Francisco"]
[Date "2005.01.10"]
[Round "9"]
[White "Stein, Alan"]
[Black "Pruess, David"]
[Result "1-0"]
[WhiteElo "2362"]
[BlackElo "2394"]
[PlyCount "97"]
[EventDate "2005.01.02"]
[EventType "tourn"]
[EventRounds "1"]
[EventCountry "USA"]
[EventCategory "3"]

1. e4 e6 2. d4 d5 3. Nc3 Nf6 4. Bg5 Be7 5. e5 Nfd7 6. Bxe7 Qxe7 7. f4 O-O 8.
Nf3 c5 9. Qd2 Nc6 10. dxc5 f6 11. exf6 Qxf6 12. g3 Nxc5 13. Bd3 Nxd3+ 14. Qxd3
Bd7 15. Ng5 Qf5 16. Qxf5 Rxf5 17. O-O-O Rd8 18. Rhe1 Rf6 19. Nf3 Be8 20. Nd4
Nxd4 21. Rxd4 Rc8 22. Rd2 Bg6 23. Nb5 Kf8 24. b3 a6 25. Nd4 Be4 26. Kb2 h6 27.
h4 g5 28. fxg5 hxg5 29. hxg5 Rg6 30. Rf2+ Ke7 31. Ref1 Rxg5 32. Rf7+ Kd6 33.
R1f6 Re8 34. c3 Rxg3 35. Rxb7 Ke5 36. Rh6 Rg2+ 37. Ka3 Rg6 38. Rh5+ Kf4 39.
Rf7+ Kg4 40. Re5 Rh6 41. c4 Bg6 42. Rf6 dxc4 43. Nxe6 cxb3 44. axb3 Kh4 45. Re1
Reh8 46. Rg1 Bh5 47. Rf2 Bg4 48. Rh2+ Bh3 49. Nf4 1-0

[Event "Michael Franett Memorial"]
[Site "San Francisco"]
[Date "2005.01.11"]
[Round "10"]
[White "Lobo, Richard"]
[Black "Stein, Alan"]
[Result "1-0"]
[WhiteElo "2266"]
[BlackElo "2362"]
[PlyCount "73"]
[EventDate "2005.01.02"]
[EventType "tourn"]
[EventRounds "1"]
[EventCountry "USA"]
[EventCategory "3"]

1. c4 e5 2. Nc3 Nf6 3. Nf3 Nc6 4. g3 Bb4 5. Bg2 Bxc3 6. dxc3 O-O 7. O-O Re8 8.
Bg5 d6 9. Ne1 h6 10. Bxf6 Qxf6 11. Nc2 Nd8 12. Qd2 Ne6 13. Ne3 Qg6 14. b4 Rb8
15. f4 exf4 16. gxf4 f5 17. Kh1 Bd7 18. Rf3 Qf7 19. Rg1 Kh8 20. Bh3 a6 21. Qd3
Bc6 22. Nd5 Rf8 23. Bg2 Rbe8 24. e3 b5 25. Rg3 Qd7 26. cxb5 axb5 27. c4 bxc4
28. Qxc4 Bb5 29. Qb3 c5 30. a3 Rb8 31. Rg6 Rfe8 32. Bf3 Bc6 33. Qc3 Kh7 34.
Nf6+ gxf6 35. Rxh6+ Kxh6 36. Qxf6+ Kh7 37. Qh4# 1-0

[Event "Michael Franett Memorial"]
[Site "San Francisco"]
[Date "2005.01.11"]
[Round "10"]
[White "Pruess, David"]
[Black "De Guzman, Ricardo"]
[Result "1-0"]
[WhiteElo "2394"]
[BlackElo "2407"]
[PlyCount "115"]
[EventDate "2005.01.02"]
[EventType "tourn"]
[EventRounds "1"]
[EventCountry "USA"]
[EventCategory "3"]

1. d4 d6 2. e4 Nf6 3. Nc3 g6 4. f4 Bg7 5. Nf3 c5 6. Bb5+ Bd7 7. e5 Ng4 8. e6
Bxb5 9. exf7+ Kf8 10. Nxb5 Qa5+ 11. Nc3 cxd4 12. Nxd4 Kxf7 13. Qxg4 Bxd4 14.
Bd2 Qf5 15. Qf3 Nc6 16. O-O-O Bf6 17. Rhe1 Rhc8 18. Re4 d5 19. Ra4 b5 20. g4
Qd7 21. Ra6 Nb4 22. Rxf6+ exf6 23. a3 Nc6 24. Be3 Kg8 25. Nxd5 Qf7 26. Bc5 Rd8
27. h4 h6 28. Qh1 Kg7 29. g5 fxg5 30. hxg5 h5 31. Qf3 Qe6 32. Qc3+ Kf7 33. Re1
Qf5 34. Ne7 Qxf4+ 35. Be3 Qe5 36. Nxc6 Qxc3 37. Nxd8+ Rxd8 38. bxc3 Rd5 39.
Rf1+ Kg7 40. Rf6 h4 41. Bd4 Rxg5 42. Rf4+ Kg8 43. Rxh4 a5 44. Rh8+ Kf7 45. Ra8
a4 46. Kd2 Ke6 47. Kd3 Kd5 48. Rd8+ Kc6 49. Rb8 Kc7 50. Rb6 Rg3+ 51. Kd2 Rg2+
52. Kd1 Rg5 53. Ke1 Kd7 54. Kf2 Kc7 55. Kf3 Kd7 56. Kf4 Rg2 57. Rxb5 Rxc2 58.
Ra5 1-0

[Event "Michael Franett Memorial"]
[Site "San Francisco"]
[Date "2005.01.11"]
[Round "10"]
[White "Thornally, Frank"]
[Black "Ho, Matthew"]
[Result "1/2-1/2"]
[WhiteElo "2261"]
[BlackElo "2260"]
[PlyCount "45"]
[EventDate "2005.01.02"]
[EventType "tourn"]
[EventRounds "1"]
[EventCountry "USA"]
[EventCategory "3"]

1. d4 d5 2. Nc3 Nf6 3. Bg5 e6 4. Nf3 Nbd7 5. e4 h6 6. Bxf6 Nxf6 7. Qe2 a6 8.
exd5 Nxd5 9. Ne4 Be7 10. g3 O-O 11. Bg2 c5 12. Nxc5 Bxc5 13. dxc5 Qa5+ 14. c3
Qxc5 15. O-O b5 16. Ne5 Rd8 17. Rac1 Bb7 18. c4 bxc4 19. Rxc4 Qb5 20. Rfc1 Rac8
21. b3 Ne7 22. Rxc8 Rxc8 23. Rxc8+ 1/2-1/2

[Event "Michael Franett Memorial"]
[Site "San Francisco"]
[Date "2005.01.11"]
[Round "10"]
[White "Tuvshintugs, Batchimeg"]
[Black "Aigner, Michael"]
[Result "0-1"]
[WhiteElo "2205"]
[BlackElo "2263"]
[PlyCount "88"]
[EventDate "2005.01.02"]
[EventType "tourn"]
[EventRounds "1"]
[EventCountry "USA"]
[EventCategory "3"]

1. e4 c5 2. Nf3 Nc6 3. d4 cxd4 4. Nxd4 g6 5. c4 Bg7 6. Be3 Nf6 7. Nc3 Ng4 8.
Qxg4 Nxd4 9. Qd1 Ne6 10. Qd2 d6 11. Be2 Bd7 12. O-O Bc6 13. Bh6 O-O 14. Bxg7
Kxg7 15. Rad1 a5 16. f4 f6 17. Qe3 Qb8 18. Kh1 Qa7 19. Qd2 Nc5 20. e5 dxe5 21.
fxe5 f5 22. Qg5 Rae8 23. Bf3 Ne6 24. Qd2 Rd8 25. Bd5 Nc7 26. Qf4 Qc5 27. Bxc6
bxc6 28. Na4 Qb4 29. b3 Ne6 30. Qe3 Rfe8 31. Nb2 Qc5 32. Qc3 Qa7 33. Nd3 Rd4
34. Nb2 Red8 35. Qf3 Qc7 36. Nd3 Ng5 37. Qe3 Ne4 38. Nb2 Qxe5 39. Rde1 Rd2 40.
Nd1 Qd4 41. Qxd4+ R8xd4 42. Kg1 Rxa2 43. g4 Rdd2 44. Ne3 Ng5 0-1

[Event "Michael Franett Memorial"]
[Site "San Francisco"]
[Date "2005.01.12"]
[Round "11"]
[White "Aigner, Michael"]
[Black "Bhat, Vinay"]
[Result "0-1"]
[WhiteElo "2263"]
[BlackElo "2410"]
[PlyCount "74"]
[EventDate "2005.01.02"]
[EventType "tourn"]
[EventRounds "1"]
[EventCountry "USA"]
[EventCategory "3"]

1. e4 e6 2. d4 d5 3. Nc3 Bb4 4. e5 c5 5. a3 Bxc3+ 6. bxc3 Ne7 7. Qg4 O-O 8. Bd3
Nbc6 9. Qh5 Ng6 10. Nf3 Qc7 11. Be3 Nce7 12. Qg5 f6 13. exf6 gxf6 14. Qg3 Qxg3
15. hxg3 c4 16. Be2 Nf5 17. Bc1 Nd6 18. Nd2 e5 19. a4 Bf5 20. Ba3 Rad8 21. Kd1
Rfe8 22. Rb1 exd4 23. Bxd6 dxc3 24. Rxb7 Rxd6 25. Rhxh7 Ne5 26. Rhg7+ Kh8 27.
Bh5 Rg8 28. Rxg8+ Kxg8 29. Nf3 d4 30. Nxe5 fxe5 31. Bf7+ Kh8 32. Bxc4 Rh6 33.
Rxa7 Rh1+ 34. Ke2 Bxc2 35. Rc7 e4 36. f4 Bd1+ 37. Kf2 e3# 0-1

[Event "Michael Franett Memorial"]
[Site "San Francisco"]
[Date "2005.01.12"]
[Round "11"]
[White "De Guzman, Ricardo"]
[Black "Lobo, Richard"]
[Result "1-0"]
[WhiteElo "2407"]
[BlackElo "2266"]
[PlyCount "49"]
[EventDate "2005.01.02"]
[EventType "tourn"]
[EventRounds "1"]
[EventCountry "USA"]
[EventCategory "3"]

1. d4 Nf6 2. Nf3 g6 3. Bg5 Bg7 4. Nbd2 O-O 5. c3 d6 6. e4 Nc6 7. Bb5 Bd7 8. O-O
h6 9. Bh4 g5 10. Bg3 Nh5 11. Re1 Nxg3 12. hxg3 e6 13. Bd3 g4 14. Nh2 h5 15.
Ndf1 f5 16. exf5 exf5 17. Ne3 f4 18. gxf4 Rxf4 19. g3 Rf8 20. Qb3+ Kh8 21. Qd5
Be5 22. Qe4 Qe7 23. dxe5 Nxe5 24. Nc4 Bf5 25. Qe3 1-0

[Event "Michael Franett Memorial"]
[Site "San Francisco"]
[Date "2005.01.12"]
[Round "11"]
[White "Ganbold, Odondoo"]
[Black "Baginskaite, Camilla"]
[Result "1-0"]
[WhiteElo "2382"]
[BlackElo "2336"]
[PlyCount "107"]
[EventDate "2005.01.02"]
[EventType "tourn"]
[EventRounds "1"]
[EventCountry "USA"]
[EventCategory "3"]

1. e4 c5 2. Nf3 d6 3. Bb5+ Nd7 4. d4 Ngf6 5. e5 cxd4 6. Qxd4 dxe5 7. Nxe5 g6 8.
O-O Bg7 9. Rd1 O-O 10. Nxd7 Nxd7 11. Qa4 Nb6 12. Rxd8 Rxd8 13. Qf4 Rd1+ 14. Bf1
Nd5 15. Nc3 Rxf1+ 16. Kxf1 Nxf4 17. Bxf4 Be6 18. Nd1 Rd8 19. Ke1 h6 20. Bd2 Bd5
21. g3 Bf3 22. a4 e5 23. Bc3 f5 24. Ne3 f4 25. Nc4 g5 26. Kf1 e4 27. Ne5 Rd1+
28. Rxd1 Bxd1 29. a5 Bxc2 30. gxf4 gxf4 31. Ng6 Bxc3 32. bxc3 f3 33. Ne7+ Kf7
34. Nc8 a6 35. Nd6+ Ke6 36. Nxb7 Kd5 37. Ke1 Kc6 38. Nd8+ Kb5 39. Nb7 Kc6 40.
Nd8+ Kb5 41. Nb7 Bb3 42. Nd6+ Kxa5 43. Nxe4 Bd5 44. Nf6 Bc4 45. Ng4 Ka4 46.
Nxh6 Kb3 47. Kd2 a5 48. Nf5 a4 49. Nd4+ Kb2 50. Nc2 a3 51. h4 a2 52. h5 Bb3 53.
Na1 Kxa1 54. Kc1 1-0

[Event "Michael Franett Memorial"]
[Site "San Francisco"]
[Date "2005.01.12"]
[Round "11"]
[White "Ho, Matthew"]
[Black "Pruess, David"]
[Result "0-1"]
[WhiteElo "2260"]
[BlackElo "2394"]
[PlyCount "86"]
[EventDate "2005.01.02"]
[EventType "tourn"]
[EventRounds "1"]
[EventCountry "USA"]
[EventCategory "3"]

1. e4 e6 2. d4 d5 3. Nd2 Nf6 4. e5 Nfd7 5. c3 c5 6. Bd3 Nc6 7. Ne2 cxd4 8. cxd4
f6 9. exf6 Nxf6 10. O-O Bd6 11. Nf3 O-O 12. Bf4 Bxf4 13. Nxf4 Ne4 14. Nh5 g6
15. Ng3 Nxg3 16. hxg3 Qb6 17. Qa4 a6 18. Qb3 Qxb3 19. axb3 Kf7 20. Bb5 Na7 21.
Bd3 Ke7 22. Rfc1 Kd6 23. Rc5 Bd7 24. Rac1 Bb5 25. Bxb5 Nxb5 26. Kf1 Na7 27. Rc7
Rac8 28. R7c5 Rc6 29. b4 Rb6 30. Rc7 Nc6 31. Rxh7 Rxb4 32. Ng5 Rxb2 33. Nf7+
Rxf7 34. Rxf7 a5 35. Ra1 Nxd4 36. f4 Nb3 37. Re1 a4 38. Rf6 Nd4 39. Rxg6 a3 40.
f5 Nxf5 41. Rgxe6+ Kc7 42. R6e5 a2 43. Rxd5 Ne3+ 0-1

[Event "Michael Franett Memorial"]
[Site "San Francisco"]
[Date "2005.01.12"]
[Round "11"]
[White "Yap, Nicolas"]
[Black "Thornally, Frank"]
[Result "1-0"]
[WhiteElo "2189"]
[BlackElo "2261"]
[PlyCount "77"]
[EventDate "2005.01.02"]
[EventType "tourn"]
[EventRounds "1"]
[EventCountry "USA"]
[EventCategory "3"]

1. e4 e5 2. Nf3 Nc6 3. Bb5 a6 4. Ba4 Nf6 5. Bxc6 dxc6 6. d3 Bd6 7. Nbd2 Be6 8.
Nf1 Nd7 9. Ng3 h6 10. O-O O-O 11. b3 Qe7 12. Bb2 Ba3 13. Qc1 Bxb2 14. Qxb2 Qf6
15. d4 Bg4 16. Nxe5 Nxe5 17. dxe5 Qf4 18. f3 Be6 19. Qc3 Rad8 20. Rad1 Rfe8 21.
Ne2 Qg5 22. f4 Qh5 23. Qe3 Bg4 24. Rxd8 Rxd8 25. Ng3 Qh4 26. h3 Bc8 27. Kh2 b6
28. Rf2 g6 29. Rd2 Re8 30. Qf3 Kf8 31. Rf2 c5 32. Rf1 Bb7 33. Qc3 Rd8 34. e6
Rd4 35. exf7 Kxf7 36. Qe3 Qe7 37. f5 gxf5 38. Rxf5+ Kg7 39. Qf4 1-0

[Event "SpringTNM"]
[Site "San Francisco"]
[Date "2005.04.12"]
[Round "3"]
[White "Allen, Tom"]
[Black "Rhodes, Clifton"]
[Result "1-0"]
[WhiteElo "1540"]
[BlackElo "1329"]
[PlyCount "101"]
[EventDate "2005.03.29"]
[EventType "swiss"]
[EventRounds "9"]
[EventCountry "USA"]

1. e4 c6 2. d4 d5 3. e5 Bf5 4. Nc3 e6 5. g4 Bg6 6. h4 h5 7. g5 Ne7 8. Nge2 Nd7
9. Bh3 Nf5 10. Be3 Nxh4 11. Ng3 Nf5 12. Bxf5 Bxf5 13. Nxf5 exf5 14. Rxh5 Rxh5
15. Qxh5 g6 16. Qh7 Qe7 17. O-O-O O-O-O 18. Re1 Qe8 19. Bd2 Bb4 20. Rh1 Nf8 21.
Qh8 Ne6 22. Qh4 Ng7 23. Nb1 Bxd2+ 24. Nxd2 Nh5 25. Qh3 Qe7 26. Qe3 f4 27. Qh3+
Qe6 28. Nf3 Kc7 29. Qh4 Kb6 30. Nh2 Qf5 31. Ng4 f3 32. Ne3 Qf4 33. c3 c5 34.
dxc5+ Kxc5 35. Qxf4 Nxf4 36. Rd1 Rh8 37. Kc2 Rh5 38. Rd4 Rh4 39. b4+ Kc6 40. c4
dxc4 41. Rxc4+ Kb5 42. Kb3 a6 43. a4+ Kb6 44. Nd5+ Nxd5 45. Rxh4 Ne7 46. Rh7
Nd5 47. Rxf7 Kc6 48. Rxf3 Ne7 49. Rd3 Nf5 50. e6 b5 51. a5 1-0